Business basics : workbook /
You and your company. Preparing a trip. Away on business. Visiting a company. New developments. Arrangements. Describing and comparing. Success stories. Dealing with problems. People at work. Getting a job. Working in the nineties.
Guardat en:
| Autor principal: | |
|---|---|
| Altres autors: | |
| Format: | Llibre |
| Idioma: | English |
| Publicat: |
Oxford :
Oxford University Press,
1995.
|
| Matèries: | |
| Etiquetes: |
Afegir etiqueta
Sense etiquetes, Sigues el primer a etiquetar aquest registre!
|
| Thư viện lưu trữ: | Mạng thư viện Đại học Đà Nẵng |
|---|
| LEADER | 01123cam a2200349 i 4500 | ||
|---|---|---|---|
| 001 | 000047720 | ||
| 003 | 7413 | ||
| 005 | 20030312145504.0 | ||
| 008 | 010326|1995 vm 000 eng | ||
| 020 | |a 0194572102 | ||
| 040 | |a IRC |c IRC |d IRC | ||
| 041 | 0 | |a eng | |
| 082 | 1 | 4 | |a 428.2 |b GR-D |
| 100 | 1 | |a Grant, David. | |
| 245 | 0 | 0 | |a Business basics : |b workbook / |c David Grant and Robert McLarty. |
| 260 | |a Oxford : |b Oxford University Press, |c 1995. | ||
| 300 | |a 189p. ; |c 27.5cm. | ||
| 520 | 3 | |a You and your company. Preparing a trip. Away on business. Visiting a company. New developments. Arrangements. Describing and comparing. Success stories. Dealing with problems. People at work. Getting a job. Working in the nineties. | |
| 630 | 0 | 4 | |a English language. |
| 630 | 0 | 4 | |a Business English. |
| 650 | 0 | 4 | |a English language |x Business English. |
| 700 | 1 | |a McLarty, Robert. | |
| OWN | |a DUT | ||
| 999 | |a From the UDN01 | ||
| TYP | |a Monograph | ||
| TYP | |a Printed language | ||
| 980 | |a Mạng thư viện Đại học Đà Nẵng | ||


